| 000 | 00555nam a2200217Ia 4500 | ||
|---|---|---|---|
| 003 | OSt | ||
| 005 | 20220928140454.0 | ||
| 006 | a|||||r|||| 00| 0 | ||
| 007 | ta | ||
| 008 | 220927b |||||||| |||| 00| 0 eng d | ||
| 024 | _a8598 | ||
| 037 | _cAnnuals, Advances | ||
| 040 |
_aSDCL _cSDCL _beng |
||
| 041 |
_2eng _aeng |
||
| 082 | _aX:76.2'N7, L6 | ||
| 100 | _aJha L K | ||
| 245 | 0 |
_aShortages and high prices _bThe way out |
|
| 260 | _c1976 | ||
| 942 |
_hX:76.2'N7, L6 _cREF _2CC |
||
| 999 |
_c811495 _d811495 |
||